00843cam a22002895a 4500001000700000003000400007005001700011008004100028010001700069020001500086040001800101050002100119082002400140100002300164245005500187250001200242260003600254300004300290504005100333521003500384526001900419541000600438541000600444562005800450650002300508700002200531145728OSt20140310182717.0990209s1999 maua b 001 0 eng  a 98072079  a9814040177 aDLCcDLCdDLC00aT 11b.R585 199900aM 808221bR47 19991 aRiordan, Daniel G.10aTechnical report writing todaycRiordan, Daniel G. a7th ed. aBostonbHoughton Mifflincc1999 axxix, 576 p.bill. (some col.)c24 cm. aIncludes bibliographical references and index. ahigh school to college student c1210L to 1700L j1 j2 efor circulation. 2 copies available in the collection 0aTechnical writing.1 aPauley, Steven E.